|
|
แสดงรายละเอียดบรรณานุกรม |
|
|
Brief Record
: Get Marc (ISO 2709)
: E-mail record
: |
|
|
| LEADER 00000nam 2200000uu 4500 | |||
| 001 209115 | |||
| 003 ULIBM | |||
| 008 131008s2553||||th 000 0 tha d | |||
| 020 ^a9786165290425 | |||
| 041 0 ^atha | |||
| 050 4 ^aBF1148.T5 จ291 2553 | |||
| 100 0 ^aจากยอง, อี. | |||
| 245 00 ^aเปลี่ยนเป็นคนใหม่ให้สวยเริด./^bอีจากยอง เขียน ;สมองสวย_จิตใจงาม,แปล. | |||
| 260 ^aกรุงเทพฯ : ^bอมรินทร์สุขภาพ,^c2553. | |||
| 300 ^a230 หน้า :^c21 ซม. | |||
| 440 0 ^aชุดความงาม ลำดับที่ 5 | |||
| 650 0 ^aสตรี ^xความงาม. | |||
| 650 0 ^aการเสริมสวย. | |||
| 650 0 ^aสุขภาพและความงาม. | |||
| 999 ^aใช้งานได้ทุกระบบ | |||
| คุณยังไม่ได้ล็อกอิน คุณสามารถมีกิจกรรมร่วมกับเว็บไซต์ได้ แต่ต้องล็อกอินก่อน :: |
|
| สถานะ | |||||||||
| 1. | หนังสือทั่วไป | BF1148.T5 จ291 2553 | ถูกยืม กำหนดส่งวันที่ จอง | ||||||
| [แสดง 1/1 รายการ] | |||||||||
BibComment |
| คอมเมนท์ทรัพยากรรายการนี้ |
|
|